书目信息 |
| 题名: |
数学文化导论
|
|
| 作者: | 方延明 编著 | |
| 分册: | ||
| 出版信息: | 南京 南京大学出版社 1999.10 |
|
| 页数: | 322页 | |
| 开本: | 32开 | |
| 丛书名: | ||
| 单 册: | ||
| 中图分类: | O1-05 | |
| 科图分类: | ||
| 主题词: | 数学理论 | |
| 电子资源: | ||
| ISBN: | 7-305-03365-0 | |
| 000 | 00544nam0 2200193 45 | |
| 001 | 0009091670 | |
| 005 | 20000909160327.6 | |
| 010 | @a7-305-03365-0@d16.00元 | |
| 100 | @a20000909d1999 km y0chiy0120 ea | |
| 101 | 0 | @achi |
| 105 | @a z 000yy | |
| 200 | 1 | @a数学文化导论@AShu Xue Wen Hua Dao Lun@f方延明编著@FFang Yan Ming Bian Zhu |
| 210 | @a南京@c南京大学出版社@d1999.10 | |
| 215 | @a322页@d32开 | |
| 606 | 0 | @a数学理论 |
| 690 | @aO1-05@v3 | |
| 701 | 0 | @a方延明@4编著 |
| 801 | @aCN@bPftUser@c20000909 | |
| 905 | @b132244-248@dO1-05@eF543@f5 | |
| 数学文化导论/方延明编著.-南京:南京大学出版社,1999.10 |
| 322页;32开 |
| ISBN 7-305-03365-0:16.00元 |
| ● |
| 相关链接 |
|
|
|
正题名:数学文化导论
索取号:O1-05/F543
 
预约/预借
| 序号 | 登录号 | 条形码 | 馆藏地/架位号 | 状态 | 备注 |
| 1 | 132244 | 201322443 | 自科库401/401自科库 105排3列1层/ [索取号:O1-05/F543] | 在馆 | |
| 2 | 132245 | 201322452 | 自科库401/401自科库 105排3列1层/ [索取号:O1-05/F543] | 在馆 | |
| 3 | 132246 | 201322461 | 自科二线504/504自科库 49排6列2层/ [索取号:O1-05/F543] | 在馆 | |
| 4 | 132247 | 201322470 | 自科二线504/504自科库 49排6列2层/ [索取号:O1-05/F543] | 在馆 | |
| 5 | 132248 | 201322489 | 自科二线504/504自科库 49排6列2层/ [索取号:O1-05/F543] | 在馆 |